| 000 | 00859nam0a22002771 4500 | ||
|---|---|---|---|
| 001 | rc\4542622 | ||
| 005 | 20250611192806.0 | ||
| 021 |
_aRU _bРг5218-59 |
||
| 035 | _a(NLR Aleph) 008361076 | ||
| 090 |
_a8998520 _c8998520 |
||
| 100 | _a20130416d1959 |||y0rusy50 ca | ||
| 101 | 0 | _arus | |
| 102 | _aRU | ||
| 105 | _aa z ||||| | ||
| 200 | 1 | _aИсследование колпаковых печей для отжига рулонов | |
| 210 |
_aМосква _cБ. и. _d1959 |
||
| 215 |
_a9 с. _cил. _d26 |
||
| 300 | _aБез тит. л. и обл. | ||
| 300 | _aПеред загл. авт.: канд. техн. наук П.В. Кобяков | ||
| 333 | _aНа правах рукописи | ||
| 700 | 1 |
_aКобяков _bП.В. |
|
| 801 | 0 |
_aRU _bNLR _gpsbo |
|
| 801 | 1 |
_aRU _bELAR _2rusmarc |
|
| 852 |
_aNLR _j59-7/1467 |
||
| 942 | _cBOOK | ||
| 980 | _aNB | ||